Die 10 größten Armeen - Statistiken

Allgemein
  • Dieses Quiz wurde 75 mal gespielt
  • Das Durchschnittsergebnis liegt bei 8 aus 10
Antwortstatistiken
Hint Antwort Soldaten % Korrekt
1 China 2.035.000
100%
3 Vereinigte Staaten von Amerika 1.328.000
100%
2 Indien 1.455.550
96%
4 Russland 1.320.000
96%
5 Nordkorea 1.320.000
79%
7 Pakistan 654.000
71%
9 Südkorea 600.000
70%
6 Ukraine 900.000
66%
8 Iran 610.000
56%
10 Vietnam 600.000
31%
Keine übereinstimmenden Quizze gefunden
Verteilung der Resultate
Anzahl Personen mit jedem Resultat
Perzentil nach korrekt beantworteten Fragen
Ihre Resultats-Entwicklung
Sie haben dieses Quiz noch nicht gespielt